000 01532nam a2200373 c 4500
999 _c189489
_d189489
003 BLK
005 20250716103447.0
008 180411b bul|||||r ||||||| ||bul||
010 _aKNG00198532000
020 _a978-954-655-719-3
040 _aBLK
041 _aBUL
_cBUL
072 7 _2bullib
_aН83
_xЧужда художествена литература Н
080 _aАнглийска литература
_b821.111
_x-31
_z821.111-31
100 _aАрчър, Джефри
_9246108
139 _aАрчър, Джефри
_bА 91
245 1 0 _aХрониките на Клифтън : Т. 7
_bРоман : Т. 1 -
_cДжефри Арчър; прев. Венцислав Божидаров Божилов.
_nТ. 7
_pТой бе човек
257 _aGBR
260 _c2011 -
_fСофия : Алианс принт
300 _c20 см
380 _aX
500 _aОриг. загл. The Clifton Chronicles / Jeffrey Archer.
653 _aромани
659 _aН
700 _aБожилов, Венцислав Божидаров
_cТеодосиев, Стефан, 1968- (псевдоним)
_d1968-
_9367877
760 1 _aАрчър, Джефри
_dБард, 2016
_h480 с.
_nОриг. загл. This Was a Man.
_tТ. 7 Той бе човек
852 _aЦб 253957
856 4 _qpdf
856 4 _qpdf
942 _cKNG
_n0
_0153
944 _aCR
_c19.12.2016
_lМинев Младен
_k30530
944 _aED
_c30.05.2017
_lф /
_kПенка_Димитрова
999 _d189489